[Event "ITA-chT UISP 23rd"]
[Site "Rimini"]
[Date "2002.12.??"]
[Round "6"]
[White "Mazzilli, Piero"]
[Black "Sudiro, Giuseppe"]
[Result "1-0"]
[WhiteElo "2215"]
[BlackElo "1524"]
[PlyCount "75"]
[EventDate "2002.12.??"]
[EventType "team"]
[EventRounds "6"]
[EventCountry "ITA"]
[SourceTitle "EXT 2024"]
[Source "ChessBase"]
[SourceDate "2023.10.10"]
[SourceVersion "1"]
[SourceVersionDate "2023.10.10"]
[SourceQuality "1"]

1. e4 c6 2. c4 d5 3. cxd5 cxd5 4. exd5 Nf6 5. Qa4+ Bd7 6. Qb3 Qc7 7. Nc3 Na6 8. d4 Qb6 9. Qxb6 axb6 10. Bc4 Nb4 11. Bb3 Nd3+ 12. Ke2 Nxc1+ 13. Rxc1 b5 14. a3 g6 15. Nf3 Bh6 16. Rcd1 0-0 17. Ne5 Ra5 18. Rhe1 Rd8 19. d6 e6 20. d5 Bf8 21. Nxd7 Nxd7 22. dxe6 fxe6 23. Bxe6+ Kg7 24. Bxd7 Rxd7 25. Ne4 b4 26. axb4 Rb5 27. Rd4 h6 28. Red1 Rb6 29. Rc4 Rc6 30. Rxc6 bxc6 31. Rc1 Bxd6 32. Nxd6 Rxd6 33. Rd1 Re6+ 34. Kd3 Kf6 35. Rd2 Kf5 36. Kc4 Re5 37. b3 g5 38. Rd6 1-0